| 000 | 00748nam a22001337a 4500 | ||
|---|---|---|---|
| 040 | _cRUA | ||
| 082 | _aAGR OEN 2012 B051 Or.1 | ||
| 100 | _aOENG, YOULINH. | ||
| 245 | _aEffect of organic and chemical fertilizer on bunching onion at crop station in royal university of agriculture ឥទ្ធិពលជីសរីរាង្គ និងជីគីមីទៅលើដំណាំខ្ទឹមស្លឹក នៅស្ថានីយ័ពិសោធន៍ដំណាំសាកលវិទ្យាល័យភូមិន្ទកសិម្ម | ||
| 260 |
_aPhnom Penh _bRUA _c2012 |
||
| 300 |
_axii, 49p. _bill. _c29cm. |
||
| 856 | _uhttps://drive.google.com/file/d/1DIFhFwaU51ggqLXrADZnJO1WdqaipjmZ/view?usp=sharing | ||
| 942 | _cAGR | ||
| 999 |
_c1200 _d1200 |
||